000 01883nam a22002297a 4500
999 _c59939
_d59939
003 Ge_BSU
005 20230519152223.0
008 230519s1978 ge ||||| |||| 00| 0 geo d
041 _ageo
080 _a94(479.22)"15"(093უცხ.) ქ-16
245 _aქათიბ ჩელების ცნობები საქართველოსა და კავკასიის შესახებ /
_cთურქ. თარგმნა, შენიშვნები და საძიებლები დაურთო გიული ალასანიამ ; ივ. ჯავახიშვილის სახ. ისტორიის, არქეოლ. და ეთნოგრ. ინ-ტი.
264 _aთბილისი :
_bმეცნიერება,
_c1978.
300 _a310 გვ. ;
_b21 სმ.
490 _aსაქართველოს ისტორიის წყაროები, 10; საქართველოს ისტორიის უცხოური წყაროები / საქ. სსრ მეცნ. აკად., საქ. ისტორიის წყაროების კომისია ; 7
501 _aსაძიებლები: გვ. 287-310. შენიშვნები: გვ. 254-281.
520 _aრეზ. რუს. ენ.
653 _aსაქართველოს ისტორიის თურქული წყაროები
653 _aკავკასიის ისტორიის თურქული წყაროები
700 _aალასანია, გიული
_eმთარგმნელი
_913521
710 _aივ. ჯავახიშვილის სახ. ისტორიის, არქეოლ. და ეთნოგრ. ინ-ტი.
_918146
942 _2udc
_cBK